[Event "TCh-SWE"]
[Site "Helsingborg SWE"]
[Date "2002.10.11"]
[Round "1"]
[White "Landgren,P"]
[Black "Astrom,G"]
[Result "1/2-1/2"]
[WhiteElo "2222"]
[BlackElo "2331"]

1.d4 Nf6 2.c4 e6 3.Nf3 Bb4+ 4.Bd2 Qe7 5.g3 Nc6 6.Nc3 Bxc3 7.Bxc3 Ne4 8.Rc1 d6
9.d5 Nxc3 10.Rxc3 Nd8 11.Bg2 e5 12.O-O a5 13.c5 O-O 14.Nd2 dxc5 15.Nb3 Ra6
16.Nxc5 Rb6 17.Qd2 Bf5 18.Rfc1 c6 19.e4 Bg4 20.h3 Bd7 21.d6 Qe8 22.Rc4 Ne6
23.Nxe6 Qxe6 24.b3 Ra8 25.Qe3 Rb4 26.Rxb4 axb4 27.Qd2 Ra5 28.Qxb4 Rxa2 29.Rc3 Rd2
30.Qxb7 Qxd6 31.Qa8+ Qf8 32.Qa5 f6 33.Rc1 Rd4 34.h4 Qb4 35.Qd8+ Qf8 36.Qa5 Qb4
37.Qd8+ Qf8 38.Qa5 Qb4  1/2-1/2

[Event "1st It"]
[Site "Klaksvik FAI"]
[Date "2002.10.13"]
[Round "3"]
[White "Jakobsen,O"]
[Black "Sloth,J"]
[Result "1/2-1/2"]
[WhiteElo "2381"]
[BlackElo "2340"]

1.d4 e6 2.c4 Nf6 3.Nf3 Bb4+ 4.Bd2 Bxd2+ 5.Qxd2 O-O 6.g3 d5 7.Bg2 Qe7 8.O-O Rd8
9.Rc1 c6 10.Qe3 Bd7 11.Nbd2 Be8 12.Rc2 Na6 13.a3 Rac8 14.Rac1 c5 15.dxc5 Qxc5
16.Qxc5 Rxc5 17.b4 Rc7 18.b5 Nb8 19.cxd5  1/2-1/2

[Event "FSIMB Oct"]
[Site "Budapest HUN"]
[Date "2002.10.14"]
[Round "10"]
[White "Galyas,M"]
[Black "Berczes,C"]
[Result "1-0"]
[WhiteElo "2406"]
[BlackElo "2311"]

1.d4 Nf6 2.c4 e6 3.Nf3 Bb4+ 4.Bd2 Qe7 5.g3 O-O 6.Bg2 Bxd2+ 7.Qxd2 d6 8.Nc3 c6
9.O-O e5 10.d5 c5 11.Nh4 Re8 12.e4 a6 13.a4 a5 14.Rae1 Ng4 15.Nb5 b6 16.f4 f6
17.Nf5 Bxf5 18.exf5 Rf8 19.Bh3 Nh6 20.fxe5 fxe5 21.f6 Rxf6 22.Rxf6 Qxf6 23.Rf1 Qe7
24.Be6+ Kh8 25.Nc7 Ra7 26.Qg5 Nc6 27.dxc6  1-0

[Event "1st It"]
[Site "Klaksvik FAI"]
[Date "2002.10.14"]
[Round "4"]
[White "Jakobsen,O"]
[Black "Ahlander,B"]
[Result "1/2-1/2"]
[WhiteElo "2381"]
[BlackElo "2393"]

1.d4 Nf6 2.c4 e6 3.Nf3 Bb4+ 4.Bd2 Qe7 5.g3 Nc6 6.Bg2 Bxd2+ 7.Nbxd2 d6 8.O-O a5
9.e4 O-O 10.Qe2 e5 11.d5 Nb8 12.Ne1 c6 13.Nd3 Na6 14.b3 Bd7 15.Rfc1 Rfc8
16.dxc6 Bxc6 17.Nb1  1/2-1/2

[Event "1st Milk Masters"]
[Site "Selfoss ISL"]
[Date "2002.10.15"]
[Round "8"]
[White "Thorfinnsson,Br"]
[Black "Hracek,Z"]
[Result "0-1"]
[WhiteElo "2357"]
[BlackElo "2607"]

1.d4 Nf6 2.c4 e6 3.Nf3 Bb4+ 4.Bd2 Qe7 5.g3 Nc6 6.Bg2 Bxd2+ 7.Nbxd2 d6 8.O-O O-O
9.e4 e5 10.d5 Nb8 11.b4 a5 12.a3 Na6 13.Ne1 c6 14.Nb3 cxd5 15.exd5 axb4 16.axb4 Bf5
17.b5 Nc7 18.Nc2 Rxa1 19.Nbxa1 Bxc2 20.Nxc2 Nd7 21.Qe2 Nc5 22.f4 e4 23.f5 Ne8
24.g4 h5 25.h3 hxg4 26.hxg4 Qg5 27.Bh3 Nf6 28.Ra1 Qh4 29.Qg2 Nd3 30.Kh2 Ne5
31.Ne3 Nf3+ 32.Kh1 Nh7  0-1

[Event "10th Chigorin Mem"]
[Site "St Petersburg RUS"]
[Date "2002.10.26"]
[Round "2"]
[White "Zakharevich,I"]
[Black "Eljanov,P"]
[Result "1/2-1/2"]
[WhiteElo "2477"]
[BlackElo "2568"]

1.d4 Nf6 2.c4 e6 3.Nf3 Bb4+ 4.Bd2 c5 5.Bxb4 cxb4 6.g3 b6 7.Bg2 Bb7 8.O-O O-O
9.Qb3 a5 10.Nbd2 d6 11.Rfd1 Qe7 12.Nf1 Nbd7 13.Ne3 Rfc8 14.a3 bxa3 15.Qxa3 g6
16.Rdc1 Kf8 17.b4 d5 18.bxa5 Qxa3 19.Rxa3 dxc4 20.Rxc4 Rxa5 21.Rxa5 bxa5
22.Ra4 Rc1+ 23.Bf1 Nd5 24.Nxd5 Bxd5 25.Rxa5 Nf6 26.Rc5 Rd1 27.Ne5 Ne4 28.Rc8+ Kg7
29.Nd3 Ng5 30.f3 Rxd3 31.exd3 Nxf3+ 32.Kf2 Nxh2 33.Be2 h5 34.Ke3 Kh6 35.Kf4 f6
36.Rh8+ Kg7 37.Rd8 Ng4 38.Rd7+ Kh6 39.Bxg4 g5+ 40.Ke3 hxg4  1/2-1/2

[Event "Olympiad"]
[Site "Bled SLO"]
[Date "2002.10.28"]
[Round "3"]
[White "Asabri,Hu"]
[Black "Neumann,Ha"]
[Result "1-0"]
[WhiteElo "2326"]
[BlackElo "2211"]

1.d4 Nf6 2.Nf3 e6 3.c4 Bb4+ 4.Bd2 Bxd2+ 5.Nbxd2 d5 6.e3 O-O 7.Bd3 b6 8.O-O Bb7
9.Rc1 Nbd7 10.cxd5 exd5 11.b4 a6 12.Qc2 Rc8 13.Ne5 c5 14.Nxd7 Nxd7 15.bxc5 bxc5
16.Bxh7+ Kh8 17.Bf5 cxd4 18.Qd1 g6 19.Rxc8 Bxc8 20.Bxd7 Bxd7 21.Qa1 Qf6 22.Nf3 Kg7
23.Nxd4 Rh8 24.Rc1 Rh5 25.Rc7 Bf5 26.Rc6  1-0

[Event "Olympiad"]
[Site "Bled SLO"]
[Date "2002.10.28"]
[Round "3"]
[White "Irwanto,S"]
[Black "Ilincic,Z"]
[Result "0-1"]
[WhiteElo "2416"]
[BlackElo "2527"]

1.d4 Nf6 2.Nf3 e6 3.c4 Bb4+ 4.Bd2 c5 5.dxc5 Bxc5 6.Nc3 O-O 7.e3 Nc6 8.a3 d5
9.b4 Bb6 10.Be2 Qe7 11.O-O Rd8 12.Qb3 d4 13.exd4 Nxd4 14.Nxd4 Bxd4 15.Bg5 h6
16.Bh4 Bd7 17.Bf3 Bc6 18.Bxc6 bxc6 19.Rad1 a5 20.Ne2 Be5 21.f4 Rxd1 22.Rxd1 Bc7
23.c5 axb4 24.axb4 g5 25.fxg5 Nd5 26.Nd4 hxg5 27.Bf2 Qd7 28.b5 cxb5 29.Qxb5 Qe7
30.Qb3 Qf6 31.g3 Qg6 32.Nc6 Kh7 33.Qb1 Ra4 34.Bd4 Qxb1 35.Rxb1 Kg6 36.Be5 Bxe5
37.Nxe5+ Kf6 38.Nd7+ Ke7 39.Rb7 Ra1+ 40.Kf2 Ra2+ 41.Kf3 f5 42.h3 Ra3+ 43.Kf2 Kd8
44.Nf8 Kc8 45.Rg7 Ra2+ 46.Kf3 e5  0-1

[Event "2nd Rohde Open"]
[Site "Sautron FRA"]
[Date "2002.10.30"]
[Round "5"]
[White "Trajkovic,P"]
[Black "Lukov,V"]
[Result "1/2-1/2"]
[WhiteElo "2344"]
[BlackElo "2463"]

1.d4 Nf6 2.c4 e6 3.Nf3 Bb4+ 4.Bd2 Qe7 5.g3 Nc6 6.Nc3 d5 7.cxd5 exd5 8.Bg2 O-O
9.O-O h6 10.a3 Bxc3 11.Bxc3 Ne4 12.Rc1 Re8 13.e3 Bf5 14.Qb3 Qe6 15.Nd2 Nd8
16.Nxe4 Bxe4 17.f3 Bg6 18.Rfe1 c6 19.e4 dxe4 20.Qxe6 Nxe6 21.fxe4 Ng5 22.e5 Rad8
23.h4 Ne6 24.Red1 Bh5 25.Rd2 Rd7 26.d5 cxd5 27.Rxd5 Rc7 28.Bd2 Rxc1+ 29.Bxc1 b6
30.Bd2 Bg4 31.Bc3 g5  1/2-1/2

[Event "10th Chigorin Mem B"]
[Site "St Petersburg RUS"]
[Date "2002.10.31"]
[Round "6"]
[White "Kopasov,E"]
[Black "Timpani,N"]
[Result "1/2-1/2"]
[WhiteElo "2098"]
[BlackElo "2129"]

1.d4 Nf6 2.c4 e6 3.Nf3 Bb4+ 4.Bd2 Bxd2+ 5.Qxd2 d6 6.Nc3 Nbd7 7.g3 O-O 8.Bg2 e5
9.O-O a5 10.b3 Re8 11.e3 h6 12.Qc2 c6 13.Rfd1 Qc7 14.Rac1 b6 15.dxe5 dxe5
16.Nd2 Bb7 17.Nde4 Rad8 18.Nd6 Re6 19.Nxb7 Qxb7 20.Rd2 Rde8 21.Rcd1 Nc5 22.Nb5 Qb8
23.Nd6 Rd8 24.Ne4 Rxd2 25.Nxf6+ Rxf6 26.Qxd2 Kf8 27.Qc2  1/2-1/2

[Event "Olympiad"]
[Site "Bled SLO"]
[Date "2002.11.01"]
[Round "7"]
[White "Magai,V"]
[Black "Wong Meng Kong"]
[Result "1/2-1/2"]
[WhiteElo "2531"]
[BlackElo "2496"]

1.d4 Nf6 2.c4 e6 3.Nf3 Bb4+ 4.Bd2 Qe7 5.g3 O-O 6.Bg2 Re8 7.O-O Bxd2 8.Qxd2 d6
9.Nc3 e5 10.e4 a5 11.d5 Na6 12.Ne1 Nc5 13.Nc2 c6 14.Ne3 Qc7 15.Rad1 Rd8 16.h3 Qe7
17.b3 h6 18.Rfe1 Nh5 19.Nf5 Bxf5 20.exf5 Qc7 21.Kh2 Rac8 22.f4 exf4 23.g4 Nf6
24.Qxf4 Re8 25.Rxe8+ Nxe8 26.h4 Qe7 27.g5 hxg5 28.hxg5 f6 29.g6 Qe5 30.Rd4 Nd7
31.dxc6 bxc6 32.Na4 Kf8 33.Re4 Qxf4+ 34.Rxf4 Ke7 35.Kg3 Ne5 36.Rh4  1/2-1/2

[Event "Olympiad"]
[Site "Bled SLO"]
[Date "2002.11.01"]
[Round "7"]
[White "Veingold,A"]
[Black "Zelcic,R"]
[Result "0-1"]
[WhiteElo "2476"]
[BlackElo "2554"]

1.d4 Nf6 2.c4 e6 3.Nf3 Bb4+ 4.Bd2 a5 5.g3 d5 6.a3 Be7 7.Bg2 Nc6 8.O-O O-O
9.Qc2 Ne4 10.Be3 Nd6 11.Nbd2 Nf5 12.Qd3 Bf6 13.Rfd1 Re8 14.Nf1 a4 15.Rac1 Nd6
16.N1d2 Nf5 17.Nf1 Na5 18.cxd5 exd5 19.Bf4 Nb3 20.Rxc7 Nfxd4 21.Nxd4 Nxd4
22.Ne3 g5 23.Rxf7 Kxf7 24.Qxh7+ Kf8 25.Bxg5 Bxg5 26.Qh8+ Kf7 27.Qh7+ Ke6
28.Nxd5 Bf6 29.Qg6 Rg8 30.Nf4+ Ke7 31.Qe4+ Kf8 32.Nd5 Bf5 33.Qe3 Ra6 34.Rxd4 Bxd4
35.Qxd4 Rg7 36.h4 Rd6 37.Qe5 Be6 38.Nf4 Rd1+ 39.Kh2 Bf7 40.Bxb7 Qb6 41.Bg2 Qxf2
42.Qb8+ Be8 43.Ne6+ Kf7 44.Nxg7 Bd7  0-1

[Event "Olympiad"]
[Site "Bled SLO"]
[Date "2002.11.02"]
[Round "8"]
[White "Mecking,H"]
[Black "Quinn,M"]
[Result "1-0"]
[WhiteElo "2548"]
[BlackElo "2429"]

1.d4 Nf6 2.c4 e6 3.Nf3 Bb4+ 4.Bd2 Qe7 5.g3 Nc6 6.Nc3 Bxc3 7.Bxc3 Ne4 8.Qc2 Nxc3
9.Qxc3 O-O 10.Bg2 d6 11.d5 Nd8 12.O-O e5 13.c5 f5 14.Rac1 Nf7 15.Nd2 Ng5
16.Qb4 f4 17.cxd6 cxd6 18.h4 Nh3+ 19.Kh2 fxg3+ 20.fxg3 Nf2 21.Bf3 Rxf3 22.Nxf3 Ng4+
23.Kg1 Ne3 24.Rf2 Nf5 25.Qg4 Bd7 26.Rc7 Qd8 27.Rxd7 Qxd7 28.e4  1-0

[Event "Olympiad"]
[Site "Bled SLO"]
[Date "2002.11.02"]
[Round "8"]
[White "Aranov,Y"]
[Black "Van Hoolandt,P"]
[Result "1/2-1/2"]
[WhiteElo "2213"]
[BlackElo "2173"]

1.d4 Nf6 2.c4 e6 3.Nf3 Bb4+ 4.Bd2 Qe7 5.g3 Nc6 6.Bg2 Bxd2+ 7.Qxd2 Ne4 8.Qc2 Qb4+
9.Nc3 Nxc3 10.Qxc3 Qxc3+ 11.bxc3 d6 12.Nd2 Na5 13.e3 Rb8 14.Bf1 b6 15.Bd3 Ba6
16.Ke2 c5 17.d5 e5 18.e4 Ke7 19.f4 f6 20.f5 g5 21.h4 g4 22.Rab1 h5 23.Rb2 Kd7
24.Rhb1 Kc7 25.Ke3  1/2-1/2

[Event "Olympiad"]
[Site "Bled SLO"]
[Date "2002.11.02"]
[Round "8"]
[White "Moiseenko,A"]
[Black "Maherramzade,J"]
[Result "1/2-1/2"]
[WhiteElo "2570"]
[BlackElo "2469"]

1.d4 Nf6 2.c4 e6 3.Nf3 Bb4+ 4.Bd2 Qe7 5.g3 Nc6 6.Nc3 Bxc3 7.Bxc3 Ne4 8.Rc1 d6
9.Bg2 O-O 10.d5 Nd8 11.Nd2 Nxc3 12.Rxc3 e5 13.c5 f5 14.O-O Nf7 15.Qb3 b6
16.cxd6 cxd6 17.Rfc1 Bd7 18.Qa3 Rfc8 19.Nc4 h6 20.Qa6 Qd8 21.Na3 Rc5 22.b4 Rxc3
23.Rxc3 Rc8 24.Rxc8 Qxc8 25.Qxa7 f4 26.h4 g5 27.hxg5 hxg5 28.gxf4 gxf4 29.Nc4 b5  1/2-1/2

[Event "Olympiad"]
[Site "Bled SLO"]
[Date "2002.11.06"]
[Round "11"]
[White "Kaabi,M"]
[Black "Wong Meng Kong"]
[Result "1/2-1/2"]
[WhiteElo "2383"]
[BlackElo "2496"]

1.d4 Nf6 2.c4 e6 3.Nf3 Bb4+ 4.Bd2 Qe7 5.g3 O-O 6.Bg2 Re8 7.O-O Bxd2 8.Qxd2 d6
9.Nc3 e5 10.e4 Bg4 11.d5 Bxf3 12.Bxf3 a5 13.Bg2 Nbd7 14.f4 exf4 15.gxf4 Ng4
16.Rae1 f5 17.h3 Ngf6 18.exf5 Qf7 19.Nb5 Nf8 20.Nd4 Nh5 21.Rf3 Qf6 22.Rfe3 Rxe3
23.Qxe3 Qh4 24.Qf2 Qxf2+ 25.Kxf2 Kf7 26.Kf3 Re8 27.Ne6 Nxe6 28.fxe6+ Ke7
29.Kg4 g6 30.Rf1 Rf8 31.h4 Nf6+ 32.Kh3 Nh5 33.Kg4 Nf6+ 34.Kh3 Nh5 35.Kg4  1/2-1/2

[Event "Olympiad"]
[Site "Bled SLO"]
[Date "2002.11.08"]
[Round "13"]
[White "Mecking,H"]
[Black "Gonzalez,Jo"]
[Result "1-0"]
[WhiteElo "2548"]
[BlackElo "2019"]

1.d4 Nf6 2.c4 e6 3.Nf3 Bb4+ 4.Bd2 Qe7 5.g3 b6 6.Bg2 Bb7 7.O-O Bxd2 8.Qxd2 O-O
9.Nc3 d5 10.cxd5 exd5 11.Ne5 Na6 12.Rad1 c5 13.e3 Ne4 14.Qc2 Nb4 15.Qb1 Rad8
16.Nxe4 dxe4 17.a3 cxd4 18.exd4 Nc6 19.Bxe4 Nxd4 20.Bxh7+ Kh8 21.Rfe1 Qxe5
22.Rxe5 Nf3+ 23.Kf1 Nxh2+ 24.Ke1 Nf3+ 25.Ke2 Rxd1 26.Kxd1 Rd8+ 27.Ke2 Nxe5
28.Be4 Ba6+ 29.Ke3 Nc4+ 30.Kf4 Rd6 31.g4 Kg8 32.g5 g6 33.Qc1 Nd2 34.Qc7 Nxe4
35.Kxe4 Re6+ 36.Kd4 Bb5 37.Qxa7 Be8 38.a4 Kg7 39.b4 Rd6+ 40.Kc3 Rc6+ 41.Kb3 Re6
42.b5 Rd6 43.Qc7 Re6 44.Kc4 Re4+ 45.Kd5 Re6 46.Qc3+ Kg8 47.Qc8 Kg7 48.Qc7 Kg8
49.a5 Bxb5 50.axb6 Ba6 51.Qa7 Be2 52.Qa8+ Kg7 53.Kc5 Re5+ 54.Kd4 Rxg5 55.Ke3 Re5+
56.Kd2 Bb5 57.Qa1 f6 58.Qxe5  1-0

[Event "Olympiad"]
[Site "Bled SLO"]
[Date "2002.11.10"]
[Round "14"]
[White "Sarsam,S"]
[Black "Adebayo,A"]
[Result "1-0"]
[WhiteElo "2409"]
[BlackElo "2180"]

1.d4 Nf6 2.c4 e6 3.Nf3 Bb4+ 4.Bd2 a5 5.g3 O-O 6.Bg2 d5 7.Qc2 b6 8.Ne5 Bb7
9.O-O Bxd2 10.Nxd2 Nfd7 11.Nd3 Na6 12.a3 c5 13.dxc5 Naxc5 14.cxd5 Nxd3 15.Qxd3 Nc5
16.Qd4 Bxd5 17.Bxd5 exd5 18.b4 Ne6 19.Qb2 Qd6 20.Nf3 h6 21.Rfd1 axb4 22.axb4 Rxa1
23.Rxa1 Rc8 24.Ne5 d4 25.Nd3 Ng5 26.Rc1 Re8 27.Nf4 Re4 28.Rc8+  1-0

[Event "FSIM Nov"]
[Site "Budapest HUN"]
[Date "2002.11.10"]
[Round "9"]
[White "Fucak,E"]
[Black "Zufic,M"]
[Result "1/2-1/2"]
[WhiteElo "2322"]
[BlackElo "2321"]

1.Nf3 Nf6 2.d4 e6 3.c4 Bb4+ 4.Bd2 c5 5.e3 O-O 6.a3 Bxd2+ 7.Nbxd2 b6 8.Bd3 Bb7
9.O-O d6 10.Qe2 Nbd7 11.Rad1 Qe7 12.Rfe1 e5  1/2-1/2

[Event "Tch-SWE 2002-3"]
[Site "Sweden SWE"]
[Date "2002.11.16"]
[Round "4"]
[White "Landgren,P"]
[Black "Akvist,H"]
[Result "1-0"]
[WhiteElo "2222"]
[BlackElo "2276"]

1.d4 e6 2.c4 Nf6 3.Nf3 Bb4+ 4.Bd2 a5 5.g3 O-O 6.Bg2 Ne4 7.O-O Nxd2 8.Nfxd2 d5
9.Qc2 Nc6 10.e3 Be7 11.a3 Bf6 12.Nc3 Ne7 13.Rfd1 c6 14.Rac1 Bd7 15.e4 Bxd4
16.Nf3 Bxc3 17.Qxc3 Qc8 18.Ne5 Rd8 19.cxd5 cxd5 20.Qf3 Nc6 21.Qxf7+ Kh8 22.Nxc6 bxc6
23.exd5 Rf8 24.Qe7 exd5 25.Rxd5 Bg4 26.Rg5 Rg8 27.Rxc6 Qd7 28.Qxd7 Bxd7 29.Rc7 Rad8
30.Rxa5 Be6 31.Be4 Bh3 32.f3 Rd2 33.Rh5  1-0

[Event "WYb18"]
[Site "Heraklio GRE"]
[Date "2002.11.17"]
[Round "4"]
[White "Berkes,F"]
[Black "L'Ami,E"]
[Result "1-0"]
[WhiteElo "2545"]
[BlackElo "2448"]

1.d4 Nf6 2.c4 e6 3.Nf3 Bb4+ 4.Bd2 c5 5.Bxb4 cxb4 6.e3 O-O 7.Be2 d6 8.O-O Nc6
9.a3 a5 10.d5 exd5 11.cxd5 Ne7 12.axb4 Nexd5 13.bxa5 Rxa5 14.Rxa5 Qxa5 15.Na3 Qb4
16.Qd4 Be6 17.Nb5 Rd8 18.Rc1 h6 19.h3 Kh8 20.Qxb4 Nxb4 21.Rc7 Bd5 22.Nc3 Rb8
23.Nd4 Be6 24.Nxe6 fxe6 25.Re7 e5 26.Re6 Rd8 27.Nb5 Rc8 28.Nxd6 Rc2 29.Bf3 Rxb2
30.Nf7+ Kh7 31.Nxe5 Nc2 32.g4 Ne1 33.Bh1 b5 34.h4 Rb1 35.Kh2 Rb4 36.Kg3 Ne4+
37.Bxe4+ Rxe4 38.g5 hxg5 39.hxg5 Rb4 40.f4 Rb2 41.g6+ Kh6 42.Re8  1-0

[Event "ch-CRO"]
[Site "Zagreb CRO"]
[Date "2002.11.27"]
[Round "4"]
[White "Soldo,R"]
[Black "Golubovic,B"]
[Result "1-0"]
[WhiteElo "2184"]
[BlackElo "2441"]

1.d4 Nf6 2.c4 e6 3.Nf3 Bb4+ 4.Bd2 c5 5.Bxb4 cxb4 6.Nbd2 O-O 7.Qb3 a5 8.a3 bxa3
9.bxa3 d6 10.g3 e5 11.Bg2 exd4 12.Nxd4 Na6 13.O-O Nc5 14.Qc2 Bd7 15.Rab1 Qc7
16.Nb5 Qb8 17.Nf3 Bc6 18.Nfd4 Bxg2 19.Kxg2 Rd8 20.Nf5 Rd7 21.Rfd1 Ra6 22.Rd4 Qd8
23.Rbd1 Ne8 24.e4 g6 25.Ne3 Nf6 26.f3 Rc6 27.R4d2 a4 28.Qc3 Nb3 29.Nd5 Nxd5
30.Rxd5 f6 31.Nd4 Rb6 32.Nb5 Rc6 33.f4 Nc5 34.Qd4 Ne6 35.Qd3 Nc7 36.Rd4 Ne6
37.Rxd6 Rcxd6 38.Nxd6 Qe7  1-0

[Event "Baharov Mem"]
[Site "Borovec BUL"]
[Date "2002.12.04"]
[Round "5"]
[White "Genov,Peta"]
[Black "Dobrev,N"]
[Result "1-0"]
[WhiteElo "2515"]
[BlackElo "2371"]

1.d4 Nf6 2.c4 e6 3.Nf3 Bb4+ 4.Bd2 Qe7 5.g3 Nc6 6.Nc3 d5 7.a3 Bxc3 8.Bxc3 Ne4
9.Qb3 O-O 10.Bg2 Rd8 11.O-O b6 12.Rac1 Bb7 13.Rfd1 Rac8 14.Be1 Nd6 15.cxd5 exd5
16.e3 Nc4 17.Qc2 a5 18.Nd2 Nd6 19.Qb3 Ne4 20.Nxe4 dxe4 21.d5 Nb8 22.Bxa5 Na6
23.Bc3 Nc5 24.Qb4 c6 25.Qd4 f5 26.Bb4 Nb3 27.Bd6 Qxd6 28.Qc4 Nxc1 29.Qxc1  1-0

[Event "Friendship A"]
[Site "Roznov CZE"]
[Date "2002.12.07"]
[Round "3"]
[White "Belunek,V"]
[Black "Bernasek,J"]
[Result "0-1"]
[WhiteElo "2416"]
[BlackElo "2422"]

1.d4 Nf6 2.c4 e6 3.Nf3 Bb4+ 4.Bd2 Qe7 5.g3 b6 6.Bg2 Bb7 7.O-O Bxd2 8.Qxd2 O-O
9.Nc3 d6 10.d5 e5 11.Ne1 Nbd7 12.Nc2 a5 13.b3 g6 14.e4 Nh5 15.Rae1 Ng7 16.f4 f6
17.f5 g5 18.h4 h6 19.hxg5 fxg5 20.Bf3 h5 21.Kg2 g4 22.Bd1 Nf6 23.Rh1 c6 24.Ne3 b5
25.dxc6 Bxc6 26.Ned5 Qb7 27.Nxf6+ Rxf6 28.cxb5 Bxb5 29.Nxb5 Qxb5 30.Be2 Qb4
31.Bc4+ Kh7 32.Qg5 Qc3 33.Rhf1 Raf8 34.Re2 Qd4 35.Rh1 d5 36.exd5 Rxf5 37.Qd2 Rf3
38.d6 Qxd2 39.Rxd2 Nf5 40.Rxh5+ Kg6 41.Rxf5 Kxf5 42.Be2 Ke4  0-1

[Event "FSIMB Dec"]
[Site "Budapest HUN"]
[Date "2002.12.15"]
[Round "9"]
[White "Berczes,D"]
[Black "Eperjesi,L"]
[Result "1-0"]
[WhiteElo "2232"]
[BlackElo "2304"]

1.d4 Nf6 2.c4 e6 3.Nf3 Bb4+ 4.Bd2 a5 5.g3 b6 6.Bg2 Ba6 7.Qc2 Be7 8.O-O O-O
9.Rd1 c6 10.Ne5 d5 11.cxd5 cxd5 12.Nc3 Nfd7 13.Nxd7 Nxd7 14.e4 Nf6 15.exd5 Nxd5
16.Nxd5 exd5 17.Qf5 g6 18.Qxd5 Qxd5 19.Bxd5 Rad8 20.Bf3 Rxd4 21.Be3 Rb4 22.b3 Bc8
23.Rac1 Be6 24.Rc7 Bf6 25.Rc6 Rb8 26.Rdc1 Kg7 27.Bd2 Rd4 28.Bf4 Rbd8 29.Rxb6 a4
30.Be3 axb3 31.axb3 Rd3 32.b4 Rxe3 33.fxe3 Bg5 34.Rc3 Rd2 35.h4 Bf6 36.Rc5 h6
37.b5 g5 38.hxg5 Bxg5 39.Rxg5+ hxg5 40.Rb8 g4 41.Bc6 Bc4 42.b6 Rd1+ 43.Kf2 Rf1+
44.Kg2 Rb1 45.b7 Ba6 46.e4  1-0

[Event "Australian Open"]
[Site "Penrith AUS"]
[Date "2003.01.07"]
[Round "7"]
[White "Safarian,A"]
[Black "Froehlich,P"]
[Result "0-1"]
[WhiteElo "2058"]
[BlackElo "2421"]

1.d4 Nf6 2.c4 e6 3.Nf3 Bb4+ 4.Bd2 Qe7 5.g3 Nc6 6.Nc3 Bxc3 7.Bxc3 Ne4 8.Rc1 O-O
9.Bg2 d6 10.O-O Nxc3 11.Rxc3 e5 12.d5 Nb8 13.b4 a5 14.a3 Bg4 15.Nd2 axb4
16.axb4 Na6 17.f3 Bd7 18.Qb1 f5 19.Rfc1 c5 20.dxc6 bxc6 21.Ra3 Nc7 22.Rcc3 d5
23.Ra5 Rfb8 24.Rb3 Be6 25.Qa1 dxc4 26.Rba3 Rxa5 27.bxa5 Qc5+ 28.Kf1 Nb5 29.Ra4 c3
30.Qc1 cxd2  0-1

[Event "LXIX ch-BRA"]
[Site "Brasilia BRA"]
[Date "2003.01.12"]
[Round "4"]
[White "Valle,A"]
[Black "Schutt,Ri"]
[Result "1/2-1/2"]
[WhiteElo "2247"]
[BlackElo "2184"]

1.d4 e6 2.Nf3 Nf6 3.c4 Bb4+ 4.Bd2 Qe7 5.g3 b6 6.Bg2 Bb7 7.O-O Bxd2 8.Qxd2 O-O
9.Nc3 d6 10.d5 e5 11.e4 Nbd7 12.Nh4 g6 13.Rae1 Nh5 14.Qh6 Qf6 15.Bh3 Nc5
16.Bg4 Qg7 17.Qd2 Nf6 18.Bh3 Bc8 19.Bxc8 Raxc8 20.b4 Ncd7 21.Nb5 a6 22.Na7 Ra8
23.Nc6 Rfe8 24.f3 Nb8 25.Nxb8 Rexb8 26.Rb1 Nd7 27.Ng2 a5 28.a3 Ra7 29.Qc3 axb4
30.axb4 Rba8 31.Ra1 Qf8 32.Ne3 Qb8 33.Nc2 Nf6 34.Rxa7 Rxa7 35.Ra1 Ne8 36.Rxa7 Qxa7
37.Qa3 Qb8 38.Qa4 Qc8 39.Ne3 Kf8 40.c5 bxc5 41.bxc5 Qb7 42.cxd6  1/2-1/2

[Event "Troll Masters"]
[Site "Gausdal NOR"]
[Date "2003.01.13"]
[Round "8"]
[White "Nordahl,H"]
[Black "Ovsejevitsch,S"]
[Result "0-1"]
[WhiteElo "2303"]
[BlackElo "2517"]

1.d4 Nf6 2.c4 e6 3.Nf3 Bb4+ 4.Bd2 a5 5.g3 b6 6.Bg2 Bb7 7.O-O O-O 8.Bg5 Be7
9.Nc3 Ne4 10.Bxe7 Qxe7 11.Qc2 Nxc3 12.Qxc3 d6 13.Ne1 Bxg2 14.Nxg2 Nd7 15.Ne3 f5
16.Rae1 f4 17.gxf4 Rxf4 18.Ng2 Rf6 19.f4 e5 20.e4 exf4 21.Rxf4 Raf8 22.Rxf6 Qxf6
23.Qe3 c5 24.e5 dxe5 25.dxe5 Nxe5 26.Nh4 Nxc4 27.Qe6+ Qxe6 28.Rxe6 Rf6 29.Rxf6 gxf6
30.b3 Nd6 31.Kf2 Kf7 32.Ke3 Ke6 33.Nf3 b5 34.Kd3 Kd5 35.h4 h5 36.Ng1 c4+
37.bxc4+ bxc4+ 38.Kc2 Nf5 39.Kc3 Nxh4 40.Ne2 Ng6 41.Ng3 h4 42.Nh5 f5  0-1

[Event "LXIX ch-BRA"]
[Site "Brasilia BRA"]
[Date "2003.01.14"]
[Round "7"]
[White "Di Berardino,D"]
[Black "Schutt,Ri"]
[Result "1-0"]
[WhiteElo "2282"]
[BlackElo "2184"]

1.d4 e6 2.c4 Nf6 3.Nf3 Bb4+ 4.Bd2 Qe7 5.g3 b6 6.Bg2 Bb7 7.O-O Bxd2 8.Qxd2 O-O
9.Nc3 d6 10.Rfd1 Nbd7 11.Qc2 c5 12.e4 e5 13.d5 g6 14.a3 Rfc8 15.Qe2 a5 16.Rdc1 Ba6
17.Rab1 Ne8 18.Bh3 Rab8 19.Nd2 Ra8 20.b4 axb4 21.axb4 Ra7 22.Rc2 Rca8 23.Na4 Nef6
24.Nc3 Qd8 25.Rcb2 Qc7 26.Qe3 Kg7 27.Bf1 h5 28.h4 Qd8 29.Ra2 Qc7 30.Bd3 cxb4
31.Rxb4 Qc5 32.Qxc5 bxc5 33.Rba4 Nb6 34.R4a3 Nc8 35.Nb3 Bxc4 36.Rxa7 Rxa7
37.Rxa7 Bxb3 38.Rc7 c4 39.Bxc4 Bxc4 40.Rxc4 Ne7 41.Nb5 Ne8 42.Rc6  1-0

[Event "National I"]
[Site "Drancy FRA"]
[Date "2003.02.02"]
[Round "3"]
[White "Mazet,J"]
[Black "Efimov,I"]
[Result "0-1"]
[WhiteElo "2221"]
[BlackElo "2480"]

1.d4 Nf6 2.Nf3 e6 3.c4 Bb4+ 4.Bd2 c5 5.Bxb4 cxb4 6.g3 b6 7.Bg2 Bb7 8.O-O O-O
9.a3 Qe7 10.Nbd2 bxa3 11.Rxa3 d6 12.Ne1 Bxg2 13.Nxg2 Nc6 14.Nf3 Rfc8 15.Ne3 Nb4
16.Qa4 a5 17.Rd1 Qb7 18.Raa1 g6 19.Rdc1 Rc7 20.Qd1 Rac8 21.Ne1 d5 22.cxd5 Nfxd5
23.Nxd5 Qxd5 24.e3 Rc4 25.Qd2 e5 26.Rxc4 Rxc4 27.Rd1 e4 28.h4 a4 29.Ra1 b5
30.Kg2 Qc6 31.Rb1 Nd5 32.Qa5 Kg7 33.Qd8 Nf6 34.Qa5 h5 35.Qd2 Nd5 36.Kg1 b4
37.b3 axb3 38.Rxb3 Qa4 39.Rb2 Qa1 40.Kf1 Rc1  0-1

[Event "FSIMB Feb"]
[Site "Budapest HUN"]
[Date "2003.02.03"]
[Round "3"]
[White "Papp,Ge"]
[Black "Werner,Di"]
[Result "1-0"]
[WhiteElo "2368"]
[BlackElo "2375"]

1.d4 Nf6 2.c4 e6 3.Nf3 Bb4+ 4.Bd2 Qe7 5.g3 b6 6.Bg2 Bb7 7.O-O Bxd2 8.Nbxd2 O-O
9.Qc2 c5 10.e4 d6 11.d5 e5 12.Ne1 b5 13.cxb5 a6 14.bxa6 Bxa6 15.Nc4 Bxc4
16.Qxc4 Nbd7 17.Nd3 Nb6 18.Qc2 Ra4 19.Rfe1 Rfa8 20.a3 Rc4 21.Qe2 Rd4 22.f3 Qa7
23.Kh1 Qa4 24.Bf1 Ne8 25.Rec1 f5 26.exf5 Nxd5 27.Nf2 Nef6 28.Rc4 Rxc4 29.Qxc4 Kf8
30.Qd3 Qd4 31.Qxd4 exd4 32.Bc4 Ne3 33.Be6 Rb8 34.Nd3 Ke7 35.Re1 d5 36.b4 c4
37.Nc5 Kd6 38.Kg1 Nc2 39.Rd1 Nxa3 40.Rxd4 Nc2 41.Rd1 Nxb4 42.Ne4+ Kc6 43.Nxf6 gxf6
44.Kf1 Kc5 45.g4 Rb6 46.h4 Nd3 47.g5 fxg5 48.hxg5 Kd4 49.f6 c3 50.f7 c2 51.Rxd3+ Kxd3
52.Bf5+ Ke3 53.Bxc2 Rb8 54.Bxh7 d4 55.Be4 d3 56.Bxd3 Kxd3  1-0

[Event "TCh-BEL 2002-3"]
[Site "Belgium BEL"]
[Date "2003.02.09"]
[Round "8"]
[White "Kadimova,I"]
[Black "Leenhouts,K"]
[Result "1/2-1/2"]
[WhiteElo "2364"]
[BlackElo "2246"]

1.d4 Nf6 2.c4 e6 3.Nf3 Bb4+ 4.Bd2 Qe7 5.g3 Nc6 6.Bg2 Bxd2+ 7.Nbxd2 d6 8.O-O a5
9.Nb1 O-O 10.Nc3 e5 11.Nd5 Qd8 12.dxe5 dxe5 13.Qc2 Nxd5 14.cxd5 Qxd5 15.Ng5 e4
16.Nxe4 Bf5 17.Qa4 b5 18.Nf6+ gxf6 19.Qf4 Nd4 20.Bxd5 Nxe2+ 21.Kh1 Nxf4 22.Bxa8 Nd3
23.Bc6 Rb8 24.b3 Rb6 25.Bf3 c5 26.g4 Be6 27.Kg2 c4 28.Rfd1 Rd6 29.bxc4 bxc4
30.Kg3 Rb6 31.Be4 Nc5 32.Bd5 Rb2 33.f3 Nd3 34.Be4 Nf2 35.Rd8+ Kg7 36.Bf5 Bxf5
37.gxf5 Nd3 38.a4 Rb3 39.Rf1 Ra3 40.Rb1 Nc5 41.Kf4 Rxa4 42.Rg1+ Kh6 43.Re8 c3+
44.Ke3 Ra3 45.Rg3 c2+  1/2-1/2

[Event "FSIMA Feb"]
[Site "Budapest HUN"]
[Date "2003.02.09"]
[Round "9"]
[White "Eperjesi,L"]
[Black "Kovacs,Ga2"]
[Result "1/2-1/2"]
[WhiteElo "2271"]
[BlackElo "2382"]

1.d4 Nf6 2.Nf3 e6 3.c4 Bb4+ 4.Bd2 c5 5.Bxb4 cxb4 6.e3 O-O 7.a3 bxa3 8.Rxa3 d6
9.Nc3 Nc6 10.Be2 Qe7 11.O-O b6 12.Nd2 Bb7 13.Bf3 Rfc8 14.Qe2 a5 15.h3 Rab8
16.Bxc6 Bxc6 17.e4 Qd7 18.f4 b5 19.cxb5 Bxb5 20.Nxb5 Qxb5 21.Qxb5 Rxb5 22.b3 Rc2
23.Rf2 Rb2 24.e5 dxe5 25.fxe5 Nd5 26.Ra1 h6 27.g4 Nf4 28.Rxf4 Rxd2 29.Rc1 g5
30.Rf6 Rxb3 31.Rxh6 a4 32.Rh5 Rb7 33.Rc8+ Kg7 34.Rxg5+ Kh6 35.Rh5+  1/2-1/2

[Event "11th Aosta Open"]
[Site "Saint Vincent ITA"]
[Date "2003.02.12"]
[Round "5"]
[White "Vezzosi,P"]
[Black "Kveinys,A"]
[Result "1/2-1/2"]
[WhiteElo "2379"]
[BlackElo "2541"]

1.d4 Nf6 2.c4 e6 3.Nf3 Bb4+ 4.Bd2 a5 5.Nc3 O-O 6.g3 d6 7.Bg2 Nbd7 8.O-O e5
9.Nd5 Bxd2 10.Qxd2 c6 11.Nxf6+ Qxf6 12.Rfd1 h6 13.Qc3 Re8 14.dxe5 dxe5 15.Nd2 Nc5  1/2-1/2

[Event "Aeroflot Open"]
[Site "Moscow RUS"]
[Date "2003.02.13"]
[Round "3"]
[White "Eljanov,P"]
[Black "Aleksandrov,A"]
[Result "0-1"]
[WhiteElo "2571"]
[BlackElo "2633"]

1.d4 Nf6 2.Nf3 e6 3.c4 Bb4+ 4.Bd2 a5 5.Nc3 b6 6.e3 Bb7 7.Bd3 O-O 8.O-O d6
9.Qc2 Bxf3 10.gxf3 Nc6 11.a3 Bxc3 12.Bxc3 Ne7 13.Kh1 Ng6 14.Rg1 d5 15.b4 axb4
16.Bxb4 Re8 17.cxd5 Qxd5 18.Be4 Nxe4 19.Qxe4 Qh5 20.Qg4 Qb5 21.Rac1 Rec8
22.Qe4 Ra7 23.Rc6 Rd8 24.Rgc1 e5 25.d5 h6 26.h4 h5 27.Qf5 Rxd5 28.e4 Rc5
29.R6xc5 bxc5 30.Bxc5 Ra6 31.Be3 Nxh4 32.Qxh5 Ng6 33.Rxc7 Qb8 34.Rd7 Qc8
35.Rd1 Rxa3 36.Bg5 Ra8 37.Rd8+ Qxd8 38.Bxd8 Rxd8 39.Qg5 Rd3 40.Qg4 Rc3 41.Kh2 Nf4
42.Qd7 f6 43.Kg3 Kh7 44.Qf5+ Kh6 45.Qd7 Rc1 46.Kh2 Rf1 47.Qd2 Kh5 48.Qa2 Kh4
49.Qa7 Nh3 50.Qxg7 Rxf2+ 51.Kh1 Rxf3 52.Qg8 Rf1+ 53.Kh2 Rf2+ 54.Kh1 Ng5 55.Qc4 Nf3
56.Qa2  0-1